| 000 | 00897nas a2200277 4500 | ||
|---|---|---|---|
| 001 | BR0801814 | ||
| 003 | BR-BrBNA | ||
| 005 | 20231205111829.0 | ||
| 007 | ta | ||
| 008 | 230509b bl.|||p| |||| 00| 00por d | ||
| 040 |
_aBR-BrBNA _bpor _cBiblioteca Nacional de Agricultura |
||
| 041 | _a(Pt) | ||
| 072 | _aF02 | ||
| 100 | 1 | _aCarneiro, I.F. | |
| 100 | 1 | _aBorges, J.D. | |
| 100 | 1 | _aRocha, M.R. da | |
| 245 | 1 | _aInfluência da época do ano na enxertia de pequizeiro - Caryocar brasiliense cambess (Caryocaraceae) | |
| 650 | _aPEQUI | ||
| 650 | _aFRUTA TROPICAL | ||
| 650 | _aPROPAGAÇÃO VEGETATIVA | ||
| 650 | _aENXERTO | ||
| 650 | _aCERRADO | ||
| 773 | 0 |
_tAnais da Escola de Agronomia e Veterinária - Universidade Federal de Goiás (Brazil) _xISSN 0100-218X _g(Jan 1991-Dec 1992), v. 21-22 p. 55-59 _wBR0801814 |
|
| 909 |
_a202311 _bLúcia _c55 _dLúcia Elande |
||
| 942 |
_2AGRIS _n0 _cANA |
||
| 999 |
_c194696 _d194696 |
||